000 00260nam a2200097Ia 4500
001 639907
005 20250826153437.0
008 250824s9999 xx 000 0 und d
245 0 _aFAUST ANTİK DÜNYA KLASİKLERİ
_cGOETHE
260 _bANTİK DÜNYA KLASİKLERİ
999 _c639907
_d639907